Mies van der Rohe

Guardat en:
Dades bibliogràfiques
Autor principal: Hilberseimer, L (Autor)
Format: Llibre
Idioma:anglès
Publicat: Chicago Paul Theobald 1956
Matèries:
Etiquetes: Afegir etiqueta
Sense etiquetes, Sigues el primer a etiquetar aquest registre!

MARC

LEADER 00000nam a2200000 a 4500
001 UCT2474
003 CL-VaPUC
008 961011e19560000US |||||||||||||||||eng|d
082 0 4 |a 720.92  |b HIL  |2 21 
100 0 |a Hilberseimer, L  |e author  |9 371487 
245 1 0 |a Mies van der Rohe 
300 |a 199 p 
942 |c BK 
945 |d 19961011 00:00:00  |a rleighto 
260 |a Chicago  |b Paul Theobald  |c 1956 
650 0 |a Arquitectura moderna  |9 265021 
650 0 |a Arquitectos   |9 268647 
650 0 |a Diseño arquitectónico   |9 265271 
650 0 |a Estilos artísticos  |9 340996 
650 0 |a Escultura  |9 265737 
650 0 |a Pintura  |9 265046 
650 7 |a EDIFICIOS COMERCIALES  |2 CL-VaPUC  |9 364527 
650 0 |a Arquitectura urbana   |9 331978 
583 |a last modification  |c 19961011 00:00:00  |k Rodrigo Vera 
999 |c 252546  |d 252544 
952 |0 0  |1 0  |2 ddc  |4 0  |6 720_920000000000000_HIL_1956  |7 0  |8 A  |9 272456  |a BIBARQ  |b BIBARQ  |c PAC  |d 2019-11-19  |i 3236102  |o 720.92 HIL 1956  |p 3236102  |r 2025-01-20  |w 2019-11-19  |y BK  |k ARQ